000
002690000a22000970004500
100
1
_a
Suárez, Jairo
245
1
0
_a
Misión la Santísima Trinidad - Pereira
300
_a
Vol.17, núm.17 (Junio, 2005), Páginas 22-23
773
0
_t
La Voz Luterana de Colombia
942
_c
ANA
999
_c
60546
_d
60546